Pedagogía general

Saved in:
Bibliografiske detaljer
Hovedforfatter: Solari, Manuel Horacio
Format: Bog
Sprog:English
Udgivet: Buenos Aires: Librería el Ateneo, 1966.
Udgivelse:6a Ed.
Fag:
Online adgang:Enlace del recurso
Tags: Tilføj Tag
Ingen Tags, Vær først til at tagge denne postø!

MARC

LEADER 00000nam a22000007a 4500
003 OSt
005 20160911194618.0
008 160805b xxu||||| |||| 00| 0 eng d
040 |c CO-BoIIE 
082 |a 370  |b S68p 
100 1 |9 556  |a Solari, Manuel Horacio 
245 1 0 |a Pedagogía general   |c Manuel Horacio Solari 
250 |a 6a Ed. 
260 |a Buenos Aires:  |b Librería el Ateneo,  |c 1966. 
300 |a 178 p. 
650 1 0 |9 93  |a Pedagogía 
942 |2 ddc  |c BK 
999 |c 5138  |d 5138 
856 |u https://catalogo.idep.edu.co/cgi-bin/koha/opac-detail.pl?biblionumber=5138  |z Enlace del recurso